000 00828nmm a2200265 a 4500
001 ocm000607659
003 TR-IsHL
005 20201028133913.0
008 131121s2006 tu tur
007 cr cn
020 _a9789756237908
035 _a607659
_b(N$T)
050 0 4 _aDR509
_b.S69 2006
090 0 4 _aDR509
_b.S69 2006
100 1 _aSoylu, Metin
245 1 0 _aPiri Reis'in hazineleri
_h[electronic resource] /
_cMetin Soylu
260 _aİstanbul :
_bTruva Yayınları,
_c2006
300 _a264 p.
650 4 _aTarih
650 4 _aHistory
650 0 _aKartografya
_x Türkiye
_x Tarihi
650 0 _aCartography
_x Turkey
_x History
650 7 _aTECHNOLOGY & ENGINEERING / Cartography
_2bisacsh
856 4 0 _uhttp://search.ebscohost.com/login.aspx?direct=true&scope=site&db=e011xww&AN=607659
999 _c5894
_d5894